Efemérides de músicos españoles (Record no. 164431)

MARC details
000 -LEADER
campo de control de longitud fija 00854nam a2200217 i 4500
001 - NÚMERO DE CONTROL
campo de control 164431
003 - IDENTIFICADOR DE NÚMERO DE CONTROL
campo de control ES-MaACL
005 - FECHA Y HORA DE LA ÚLTIMA TRANSACCIÓN
campo de control 20250827063228.0
008 - DATOS DE LONGITUD FIJA--INFORMACIÓN GENERAL
campo de control de longitud fija 940301s1860 sp |||| |cspa d
040 ## - FUENTE DE CATALOGACIÓN
Centro catalogador/agencia de origen AS
Lengua de catalogación spa
080 ## - NÚMERO DE LA CLASIFICACIÓN DECIMAL UNIVERSAL
Número de la Clasificación Decimal Universal 78
100 1# - ENTRADA PRINCIPAL--NOMBRE DE PERSONA
Nombre de persona Saldoni, Baltasar,
Fechas asociadas al nombre 1807-1889
9 (RLIN) 132330
245 10 - MENCIÓN DEL TÍTULO
Título Efemérides de músicos españoles
Resto del título : así profesores como aficionados /
Mención de responsabilidad, etc. publicadas por Baltasar Saldoni.
260 ## - PUBLICACIÓN, DISTRIBUCIÓN, ETC.
Lugar de publicación, distribución, etc. Madrid :
Nombre del editor, distribuidor, etc. [s.n.],
Fecha de publicación, distribución, etc. 1860 (
Fabricante Imprenta de La Esperanza, a cargo de D. Antonio Pérez Dubrull)
300 ## - DESCRIPCIÓN FÍSICA
Extensión 262 p. ;
Dimensiones 22 cm.
530 ## - NOTA DISPONIBLE DE FORMULARIO FÍSICO ADICIONAL
Nota de formato físico adicional disponible Disponible en formato digital.
650 04 - PUNTO DE ACCESO ADICIONAL DE MATERIA--TÉRMINO DE MATERIA
Término de materia o nombre geográfico como elemento de entrada Músicos-
Subdivisión geográfica España-
Subdivisión general Biografías-
Subdivisión de forma Diccionarios.
9 (RLIN) 15428
852 ## - LOCALIZACIÓN
Ubicación ES-MaACL
Número de control de estantería F-12943
Nota libre -- Enc. hol.
856 ## - LOCALIZACIÓN Y ACCESO ELECTRÓNICOS
Identificador Uniforme de Recursos <a href="http://bdh-rd.bne.es/viewer.vm?id=0000049052&page=1 ">http://bdh-rd.bne.es/viewer.vm?id=0000049052&page=1 </a>
Nota pública Biblioteca Digital Hispánica
Holdings
Estatus retirado Estado de pérdida Estado de daño No para préstamo Colección Biblioteca de origen Biblioteca actual Ubicación en estantería Fecha de adquisición Fuente de adquisición Total de préstamos Signatura topográfica completa Código de barras Visto por última vez Precio de reemplazo Tipo de ítem Koha
        Colección digital Biblioteca del Ateneo de Madrid Biblioteca del Ateneo de Madrid Sala Pecera Planta 2 17/01/2008     F-12943 1172353 23/02/2023 23/02/2023 Libro impreso antiguo